<?xml version="1.0" encoding="UTF-8"?>
<marc:record xmlns:marc="http://www.loc.gov/MARC21/slim">
   <marc:leader>00000nam a2200000 a 4500</marc:leader>
   <marc:datafield ind1="1" ind2=" " tag="100">
      <marc:subfield code="a">Sohn, Amy</marc:subfield>
      <marc:subfield code="4">aut</marc:subfield>
      <marc:subfield code="e">Verfasser/-in</marc:subfield>
   </marc:datafield>
   <marc:datafield ind1="1" ind2=" " tag="100">
      <marc:subfield code="a">Zaubitzer, Juliane</marc:subfield>
      <marc:subfield code="4">trl</marc:subfield>
      <marc:subfield code="e">Übersetzer/-in</marc:subfield>
   </marc:datafield>
   <marc:datafield ind1="1" ind2=" " tag="100">
      <marc:subfield code="a">Sohn, Amy</marc:subfield>
   </marc:datafield>
   <marc:datafield ind1=" " ind2=" " tag="653">
      <marc:subfield code="a">Bohème</marc:subfield>
   </marc:datafield>
   <marc:datafield ind1=" " ind2=" " tag="653">
      <marc:subfield code="a">Frauenfreundschaft</marc:subfield>
   </marc:datafield>
   <marc:datafield ind1=" " ind2=" " tag="653">
      <marc:subfield code="a">Lebensgefühl</marc:subfield>
   </marc:datafield>
   <marc:datafield ind1="0" ind2="0" tag="245">
      <marc:subfield code="a">Prospect Park West</marc:subfield>
   </marc:datafield>
   <marc:datafield ind1="0" ind2="0" tag="245">
      <marc:subfield code="b">Roman</marc:subfield>
   </marc:datafield>
   <marc:datafield ind1="0" ind2="0" tag="245">
      <marc:subfield code="c">Amy Sohn. Aus dem amerikan. Engl. von Juliane Zaubitzer</marc:subfield>
   </marc:datafield>
   <marc:datafield ind1=" " ind2="1" tag="264">
      <marc:subfield code="a">Frankfurt, M.</marc:subfield>
      <marc:subfield code="b">Fischer Taschenbuch</marc:subfield>
      <marc:subfield code="c">2012</marc:subfield>
   </marc:datafield>
   <marc:datafield ind1="1" ind2=" " tag="490">
      <marc:subfield code="a">Fischer</marc:subfield>
      <marc:subfield code="v">19361</marc:subfield>
   </marc:datafield>
   <marc:datafield ind1="1" ind2=" " tag="520">
      <marc:subfield code="a">Angaben aus der Verlagsmeldung

Prospect Park West : Roman Prospect Park West / von Amy Sohn

Im schicken Brooklyner Viertel Park Slope kreuzen sich in einem langen heißen Sommer die Wege von vier Müttern: Oscarpreisträgerin Melora, enttäuscht von ihrer Karriere, überfordert mit ihrem Adoptivkind, erliegt der Verlockung des Taschendiebstahls. Die Journalistin Rebecca fängt einen Flirt mit einem Filmstar aus dem Viertel an. Lizzie, eine ehemalige Lesbe, fühlt sich noch immer bzw. wieder zu Frauen hingezogen. Karen beschäftigt sich obsessiv mit dem Wohlergehen ihres vierjährigen Sohnes und der Jagd nach der ultimativen Vierzimmerwohnung im richtigen Schulbezirk. Während sich ihre Schicksale miteinander verschlingen (und manchmal aufeinander prallen), kämpfen die Frauen um ihre Beziehungen, ihren Verstand … und ihre Spielplatzverabredungen.

Smart, sexy und satirisch wirft Amy Sohn einen tiefen Blick in die Schlafzimmer und Herzen von Park Slope.
</marc:subfield>
   </marc:datafield>
   <marc:datafield ind1=" " ind2=" " tag="020">
      <marc:subfield code="a">9783596193615</marc:subfield>
      <marc:subfield code="9">9783596193615</marc:subfield>
   </marc:datafield>
   <marc:datafield ind1=" " ind2=" " tag="020">
      <marc:subfield code="a">3596193613</marc:subfield>
      <marc:subfield code="9">3596193613</marc:subfield>
   </marc:datafield>
   <marc:datafield ind1=" " ind2=" " tag="041">
      <marc:subfield code="a">ger</marc:subfield>
   </marc:datafield>
   <marc:datafield ind1=" " ind2=" " tag="300">
      <marc:subfield code="a">490 S.</marc:subfield>
   </marc:datafield>
</marc:record>
